Faculty of Law Library — Cairo University

Official Online Catalog

Législation Administrative Et Criminelle: (Record no. 76505)

MARC details
000 -LEADER
fixed length control field 01099nam a2200289 i 4500
003 - CONTROL NUMBER IDENTIFIER
control field EG-GICUC
005 - DATE AND TIME OF LATEST TRANSACTION
control field 20260510155506.0
008 - FIXED-LENGTH DATA ELEMENTS--GENERAL INFORMATION
fixed length control field 260510s1914 fr ||||fr|||| 00| 0 fre d
040 ## - CATALOGING SOURCE
Original cataloging agency EG-GiCUC
Language of cataloging fre
Transcribing agency EG-GiCUC
Modifying agency EG-GiCUC
Description conventions Rda
082 04 - DEWEY DECIMAL CLASSIFICATION NUMBER
Edition number 21
Classification number 345.141
Item number GO . L
092 04 - LOCALLY ASSIGNED DEWEY CALL NUMBER (OCLC)
Edition number 21
099 ## - LOCAL FREE-TEXT CALL NUMBER (OCLC)
Classification number Law1 07 345.141 GO . L 1914
110 ## - MAIN ENTRY--CORPORATE NAME
Corporate name or jurisdiction name as entry element Gouvernement Égyptien
Relator term Auteur
245 ## - TITLE STATEMENT
Title Législation Administrative Et Criminelle:
Remainder of title Recueil Des Lois Et Règlements En Vigueur Intéressant Le Ministère De L’Intérieur.
Number of part/section of a work Tome Second:
Name of part/section of a work Réglementation Pénale, Lois Spéciales/
Statement of responsibility, etc. Gouvernement Égyptien.
250 ## - EDITION STATEMENT
Edition statement Troisième Édition
264 #1 - PRODUCTION, PUBLICATION, DISTRIBUTION, MANUFACTURE, AND COPYRIGHT NOTICE
Place of production, publication, distribution, manufacture Le Caire:
Name of producer, publisher, distributor, manufacturer Imprimerie Nationale,
Date of production, publication, distribution, manufacture, or copyright notice 1914.
300 ## - PHYSICAL DESCRIPTION
Extent 752 page ;
Dimensions 24 cm.
336 ## - CONTENT TYPE
Source rda contenu
Content type term texte
337 ## - MEDIA TYPE
Source rda medias
Media type term Ordinateur
338 ## - CARRIER TYPE
Source transporteur rda
Carrier type term Ressource en ligne
546 ## - LANGUAGE NOTE
Language note Texte en français
650 1# - SUBJECT ADDED ENTRY--TOPICAL TERM
Topical term or geographic name entry element Droit Administratif
650 1# - SUBJECT ADDED ENTRY--TOPICAL TERM
Topical term or geographic name entry element Constitution et Législation Administrative
856 40 - ELECTRONIC LOCATION AND ACCESS
Uniform Resource Identifier <a href="https://fll.law.cu.edu.eg/fulltext/bks/B07-05720.pdf">https://fll.law.cu.edu.eg/fulltext/bks/B07-05720.pdf</a>
905 ## - Cataloger and Reviser Names
Cataloger Name: Logain Ashraf
942 ## - ADDED ENTRY ELEMENTS (KOHA)
Source of classification or shelving scheme Dewey Decimal Classification
Suppress in OPAC No
Koha item type Books
Edition 21
Holdings
Withdrawn status Lost status Source of classification or shelving scheme Materials specified (bound volume or other part) Damaged status Not for loan Collection Home library Current library Date acquired Total checkouts Full call number Barcode Date last seen Copy number Price effective from Koha item type
    Dewey Decimal Classification V2   Not for loan القانون الإداري جــــامعة القــاهرة مكتبة كلية الحقوق - المبنى الرئيسي 10.05.2026   Law1 07 345.141 GO . L 1914 0705720 C1 B07-05720 10.05.2026 1 10.05.2026 Books

© All rights reserved — Faculty of Law, Cairo University